| 000 | 00499nam a2200169 i 4500 | ||
|---|---|---|---|
| 001 | 129422 | ||
| 003 | ES-MaACL | ||
| 005 | 20230906193510.0 | ||
| 007 | t| | ||
| 008 | 070614s1970 sp ||||1| spa d | ||
| 245 | 0 | 0 | _aTesis de Medicina VIII. |
| 260 |
_aSalamanca : _bUniversidad, _c1970. |
||
| 300 |
_a187 p. con gráf. ; _c24 cm. |
||
| 502 | _aTesis doctorales Univ. de Salamanca. | ||
| 710 | 2 |
_aUniversidad de Salamanca. _bFacultad de Medicina. _97286 |
|
| 852 |
_aES-MaACL _jC-41743 _bR.74674 |
||
| 999 |
_c129422 _d129422 |
||